Central Library OPAC University of Rajshahi

First principles of chemistry / (Record no. 9515)

MARC details
000 -LEADER
fixed length control field 00797cam a22002532 4500
001 - CONTROL NUMBER
control field 9515
003 - CONTROL NUMBER IDENTIFIER
rucl marc code BD-RjUL
005 - DATE AND TIME OF LATEST TRANSACTION
control field 20211208234806.0
008 - FIXED-LENGTH DATA ELEMENTS--GENERAL INFORMATION
fixed length control field 140121r19611960njua b 001 0 eng
035 ## - SYSTEM CONTROL NUMBER
System control number (BD-RjUL)9560
040 ## - CATALOGING SOURCE
Original cataloging agency DLC
Transcribing agency WSU
Modifying agency OCL
-- UKM
-- EQO
-- BD-RjUL
Language of cataloging eng
041 ## - LANGUAGE CODE
Language code of text/sound track or separate title eng
082 00 - DEWEY DECIMAL CLASSIFICATION NUMBER
Classification number 540
Edition number 16
Author mark and year TAF 1961
100 1# - MAIN ENTRY--PERSONAL NAME
Personal name Taylor, Moddie D.
Fuller form of name (Moddie Daniel),
Dates associated with a name 1912-
9 (RLIN) 29481
245 10 - TITLE STATEMENT
Title First principles of chemistry /
Statement of responsibility, etc. Illus. by Wilma Riley.
260 ## - PUBLICATION, DISTRIBUTION, ETC. (IMPRINT)
Place of publication, distribution, etc. Princeton, N.J. :
Name of publisher, distributor, etc. Van Nostrand,
Date of publication, distribution, etc. 1960 [reprinted 1961].
300 ## - PHYSICAL DESCRIPTION
Pagination 688 p. :
Illustrations illus. ;
Size 24 cm.
504 ## - BIBLIOGRAPHY, ETC. NOTE
Bibliography, etc Includes bibliographical reference and index.
650 #0 - SUBJECT ADDED ENTRY--TOPICAL TERM
Topical term or geographic name as entry element Chemistry.
9 (RLIN) 29482
Topical term or geographic name as entry element Chemistry, Physical and theoretical.
9 (RLIN) 29483
942 ## - ADDED ENTRY ELEMENTS (KOHA)
Source of classification or shelving scheme Dewey Decimal Classification
Koha item type Books
Holdings
Lost status Source of classification or shelving scheme Damaged status Not for loan Collection code Permanent Location Current Location Shelving location Date acquired Source of acquisition Cost, normal purchase price Total Checkouts Full call number Date last seen Copy number Koha item type
  Dewey Decimal Classification   Not For Loan Non-fiction Central Library, University of Rajshahi Central Library, University of Rajshahi Reading Room 06/09/1973 Book centre 63.00   540 TAF 1961 21/01/2014 C-1 Books